|
|
|
|
| LEADER |
00000nab a2200000 ar4500 |
| 001 |
vtls009165467 |
| 003 |
SK-MaSNL |
| 005 |
20260303200150.0 |
| 008 |
071206c2007 xo wr|p|||||||000 b|slo |
| 038 |
|
|
|a PPPK
|
| 040 |
|
|
|a PPPKCL
|b slo
|c PPPKCL
|e AACR2
|
| 041 |
0 |
|
|a slo
|
| 044 |
|
|
|a xo
|c SK
|
| 080 |
|
|
|a 339.732.2
|2 2001
|
| 080 |
|
|
|a 339.727.2
|2 2001
|
| 080 |
|
|
|a 336.274.3
|2 2001
|
| 245 |
0 |
0 |
|a Rozdelili 300 miliónov
|c [autor] (flá)
|
| 610 |
1 |
7 |
|a Prešovský samosprávny kraj (Slovensko).
|b Zastupiteľstvo
|2 pppkcl
|9 189290
|
| 610 |
2 |
7 |
|a Európska investičná banka
|x úvery
|2 pppkcl
|9 847808
|
| 648 |
|
7 |
|a 2007
|2 pppkcl
|9 313226
|
| 650 |
0 |
7 |
|a zahraničné úvery
|2 pppkcl
|9 1222515
|
| 650 |
0 |
7 |
|a investičné fondy
|2 pppkcl
|9 2294
|
| 651 |
|
7 |
|a Poprad (Slovensko)
|2 pppkcl
|9 20155
|
| 773 |
0 |
|
|t Podtatranské noviny
|g Roč. XLVIII, č. 28 (2007), s. 9
|
| 852 |
|
|
|a PPPK
|b KIS3GCP
|
| 999 |
|
|
|c 2166791
|d 2168721
|